00680nam a2200253 a 4500001001300000003000900013005001700022008004100039020001000080082001600090100001500106245001900121260004000140300000900180500003500189505001000224650001100234650001900245700001500264902000800279942000700287952011700294999001500411nice12345678IN_TiNIC20260116012631.0050524s1861 lona grp 000 0 urd  ac10000a297.4bALI2 aAli, Ikram aIkhwan-Us-Safa aLondonbWm. H.. Allen and Co.c1861 a176p aincludes index and biblioraphy2 aIndex aSufism aIkhwan-Us-Sufa1 aAli, Ikram bSRS cBK 001040708StackRoom-aHMIbHMId2008-04-10g100.00l0o297.4 ALI2p010385r2008-04-10v100.00w2005-05-24yBK c7743d7743